Ako IT pomáha biznisu?

Bezpečnosť firemných dokumentov. Spracovanie osobných údajov regulované v zákone č. 122/2013 Z. z. o ochrane osobných údajov. Využívanie cloudových služieb pri spracovaní dokumentov obsahujúcich osobné údaje. Poskytovateľ cloudových služieb a jeho povinnosti sprostredkovateľa v zmysle zákona o ochra...

Descrizione completa

Salvato in:
Dettagli Bibliografici
Autore principale: Kasalová, Katarína
Natura: Capitolo di libro
Lingua:slovacco
Soggetti:
Tags: Aggiungi Tag
Nessun Tag, puoi essere il primo ad aggiungerne!!

MARC

LEADER 00000naa a2200000 4500
001 0227208
005 20170217135605.1
041 0 |a slo 
044 |a SK 
245 1 0 |a Ako IT pomáha biznisu?  |c Katarína Kasalová 
520 |a Bezpečnosť firemných dokumentov. Spracovanie osobných údajov regulované v zákone č. 122/2013 Z. z. o ochrane osobných údajov. Využívanie cloudových služieb pri spracovaní dokumentov obsahujúcich osobné údaje. Poskytovateľ cloudových služieb a jeho povinnosti sprostredkovateľa v zmysle zákona o ochrane osobných údajov. Cezhraničný prenos osobných údajov. Nové nariadenie Európskeho parlamentu a Rady 2016/679 - zjednotenie právnej úpravy ochrany osobných údajov v členských krajinách EÚ. 
610 2 0 |a ochrana údajov osobných 
610 2 0 |a legislatíva 
610 2 0 |a firmy 
610 2 0 |a cloud computing 
610 2 0 |a sprostredkovatelia 
610 2 0 |a bezpečnosť informačná 
610 2 0 |a technológie informačné 
610 2 0 |a technológie komunikačné 
100 1 |a Kasalová, Katarína